00410nam a2200133Ia 4500008004100000024003600041082001700077100004000094245004000134260002600174600002100200650003800221999001700259260210s9999 xx 000 0 und d a00B-BS-013 & 00B-BS-012 a006.4072 SYE aSyed Mahmood Nabi & Adnan Amjad 0aCharacter Recognition A Runs Method aKarachi:bUITU,c2000 aComputer Science aBachelor of Computer Science (BS) c31707d31707